[Event "European Women's Championship"]
[Site "Vysoke Tatry"]
[Date "2018.04.09"]
[Round "2"]
[White "Hereklioglu, Sude"]
[Black "Osmanodja, Filiz"]
[Result "0-1"]
[Board "56"]
[WhiteElo "2123"]
[WhiteTitle "WFM"]
[WhiteCountry "TUR"]
[WhiteFideId "6359531"]
[WhiteEloChange "-5"]
[BlackElo "2300"]
[BlackTitle "WIM"]
[BlackCountry "GER"]
[BlackFideId "24633569"]
[BlackEloChange "5"]

1. e4 {[%clk 1:30:56]} e5 {[%clk 1:30:59]} 2. Nf3 {[%clk 1:31:20]} Nc6 {[%clk
1:31:27]} 3. Nc3 {[%clk 1:31:41]} Nf6 {[%clk 1:31:49]} 4. a3 {[%clk 1:32:03]} d5
{[%clk 1:32:14]} 5. Bb5 {[%clk 1:31:25]} Nxe4 {[%clk 1:32:02]} 6. O-O {[%clk
1:26:16]} Nxc3 {[%clk 1:23:28]} 7. dxc3 {[%clk 1:25:44]} Bg4 {[%clk 1:12:38]} 8.
h3 {[%clk 1:11:32]} Bxf3 {[%clk 1:12:52]} 9. Qxf3 {[%clk 1:11:50]} a6 {[%clk
0:55:45]} 10. Bxc6+ {[%clk 0:48:26]} bxc6 {[%clk 0:56:14]} 11. c4 {[%clk
0:48:17]} Qd6 {[%clk 0:49:44]} 12. b4 {[%clk 0:43:14]} Be7 {[%clk 0:48:23]} 13.
Bb2 {[%clk 0:22:52]} O-O {[%clk 0:47:49]} 14. Rad1 {[%clk 0:22:07]} Rad8 {[%clk
0:46:12]} 15. Qe2 {[%clk 0:19:12]} Bf6 {[%clk 0:36:18]} 16. c5 {[%clk 0:18:31]}
Qe6 {[%clk 0:36:46]} 17. Qxa6 {[%clk 0:18:12]} Ra8 {[%clk 0:35:33]} 18. Qe2
{[%clk 0:16:58]} e4 {[%clk 0:35:48]} 19. Bxf6 {[%clk 0:10:35]} Qxf6 {[%clk
0:36:16]} 20. f3 {[%clk 0:10:36]} Rxa3 {[%clk 0:33:23]} 21. fxe4 {[%clk 0:10:38]}
Qe5 {[%clk 0:31:55]} 22. Rf5 {[%clk 0:03:38]} Qe6 {[%clk 0:30:46]} 23. Re1 {[%clk
0:03:11]} Re8 {[%clk 0:28:34]} 24. Rf4 {[%clk 0:02:07]} Qe5 {[%clk 0:23:08]} 25.
Qd2 {[%clk 0:01:30]} f6 {[%clk 0:13:16]} 26. Kf1 {[%clk 0:01:10]} Ra1 {[%clk
0:12:08]} 27. Rxa1 {[%clk 0:01:10]} Qxa1+ {[%clk 0:12:35]} 28. Kf2 {[%clk
0:01:19]} dxe4 {[%clk 0:07:28]} 29. Qd7 {[%clk 0:01:31]} Qe5 {[%clk 0:06:01]} 30.
Ke2 {[%clk 0:01:02]} Re7 {[%clk 0:04:54]} 31. Qc8+ {[%clk 0:00:56]} Kf7 {[%clk
0:05:10]} 32. Qf5 {[%clk 0:01:10]} Qc3 {[%clk 0:03:20]} 33. Rxe4 {[%clk 0:01:10]}
Qxc2+ {[%clk 0:03:37]} 34. Ke3 {[%clk 0:01:26]} Rxe4+ {[%clk 0:02:41]} 35. Qxe4
{[%clk 0:01:50]} Qxe4+ {[%clk 0:02:54]} 36. Kxe4 {[%clk 0:02:16]} Ke6 {[%clk
0:03:19]} 37. g3 {[%clk 0:02:25]} f5+ {[%clk 0:02:36]} 38. Kf4 {[%clk 0:02:48]}
h6 {[%clk 0:01:42]} 39. h4 {[%clk 0:02:50]} g6 {[%clk 0:02:00]} 40. Kf3 {[%clk
0:30:39]} Ke5 {[%clk 0:30:54]} 41. Ke3 {[%clk 0:29:49]} g5 {[%clk 0:30:06]} 42.
h5 {[%clk 0:29:52]} g4 {[%clk 0:30:14]} 43. Kf2 {[%clk 0:29:53]} Kd4 {[%clk
0:30:14]} 44. Ke2 {[%clk 0:30:15]} Ke4 {[%clk 0:30:26]} 45. Kf2 {[%clk 0:30:35]}
Kd3 {[%clk 0:30:52]} 0-1

[Event "European Women's Championship"]
[Site "Vysoke Tatry"]
[Date "2018.04.09"]
[Round "2"]
[White "Zpevakova, Jana"]
[Black "Worek, Joanna"]
[Result "0-1"]
[Board "57"]
[WhiteElo "2106"]
[WhiteCountry "CZE"]
[WhiteFideId "334030"]
[WhiteEloChange "-5"]
[BlackElo "2295"]
[BlackTitle "WGM"]
[BlackCountry "CZE"]
[BlackFideId "1118080"]
[BlackEloChange "5"]

1. d4 {[%clk 1:30:57]} Nf6 {[%clk 1:30:52]} 2. c4 {[%clk 1:31:20]} e6 {[%clk
1:31:17]} 3. Nc3 {[%clk 1:31:42]} Bb4 {[%clk 1:31:23]} 4. Qc2 {[%clk 1:31:47]} d5
{[%clk 1:30:43]} 5. a3 {[%clk 1:28:24]} Bxc3+ {[%clk 1:28:58]} 6. Qxc3 {[%clk
1:28:36]} Ne4 {[%clk 1:28:42]} 7. Qc2 {[%clk 1:25:49]} O-O {[%clk 1:28:41]} 8.
Nf3 {[%clk 1:23:58]} Nd7 {[%clk 1:28:09]} 9. g3 {[%clk 1:21:27]} c6 {[%clk
1:22:39]} 10. Bg2 {[%clk 1:20:01]} a5 {[%clk 1:20:31]} 11. b3 {[%clk 1:16:15]} b6
{[%clk 1:11:16]} 12. O-O {[%clk 1:12:47]} Ba6 {[%clk 1:11:19]} 13. Ne5 {[%clk
1:09:33]} Nxe5 {[%clk 1:03:51]} 14. Bxe4 {[%clk 1:02:44]} Ng6 {[%clk 0:55:50]}
15. cxd5 {[%clk 0:56:17]} exd5 {[%clk 0:53:06]} 16. Bf5 {[%clk 0:54:14]} Qf6
{[%clk 0:51:52]} 17. Bxg6 {[%clk 0:33:56]} hxg6 {[%clk 0:51:01]} 18. Be3 {[%clk
0:34:01]} Rfe8 {[%clk 0:49:06]} 19. Rac1 {[%clk 0:32:22]} c5 {[%clk 0:38:08]} 20.
Qd2 {[%clk 0:29:53]} cxd4 {[%clk 0:22:53]} 21. Bxd4 {[%clk 0:28:54]} Qd6 {[%clk
0:22:49]} 22. Rfe1 {[%clk 0:28:30]} Qxa3 {[%clk 0:21:56]} 23. Bxb6 {[%clk
0:23:19]} Qxb3 {[%clk 0:21:08]} 24. Bxa5 {[%clk 0:22:45]} Qb5 {[%clk 0:13:25]}
25. e3 {[%clk 0:20:21]} d4 {[%clk 0:08:17]} 26. exd4 {[%clk 0:18:37]} Bb7 {[%clk
0:08:28]} 27. Rc5 {[%clk 0:16:04]} Rxe1+ {[%clk 0:07:56]} 28. Qxe1 {[%clk
0:16:26]} Qd3 {[%clk 0:07:57]} 29. Qd2 {[%clk 0:06:14]} Qb1+ {[%clk 0:07:59]} 30.
Qe1 {[%clk 0:06:38]} Qb3 {[%clk 0:04:35]} 31. Bc3 {[%clk 0:06:13]} Ra2 {[%clk
0:03:22]} 32. h4 {[%clk 0:03:58]} Rc2 {[%clk 0:01:18]} 33. h5 {[%clk 0:03:43]}
Qb6 {[%clk 0:00:55]} 34. Qe8+ {[%clk 0:00:36]} Kh7 {[%clk 0:01:22]} 35. Qe1
{[%clk 0:01:00]} Qf6 {[%clk 0:01:32]} 36. d5 {[%clk 0:01:02]} Qf3 {[%clk
0:01:41]} 37. hxg6+ {[%clk 0:01:13]} Kxg6 {[%clk 0:01:25]} 38. Bb4 {[%clk
0:00:31]} Bxd5 {[%clk 0:01:19]} 39. Rxd5 {[%clk 0:00:47]} Qxd5 {[%clk 0:01:43]}
40. Ba5 {[%clk 0:30:31]} Rc8 {[%clk 0:30:36]} 41. Qb1+ {[%clk 0:28:37]} f5 {[%clk
0:30:32]} 42. Qb6+ {[%clk 0:28:00]} Rc6 {[%clk 0:30:33]} 0-1

[Event "European Women's Championship"]
[Site "Vysoke Tatry"]
[Date "2018.04.09"]
[Round "2"]
[White "Sedina, Elena"]
[Black "Kusenkova, Natallia"]
[Result "1/2-1/2"]
[Board "58"]
[WhiteElo "2292"]
[WhiteTitle "IM"]
[WhiteCountry "ITA"]
[WhiteFideId "812153"]
[WhiteEloChange "-4"]
[BlackElo "2134"]
[BlackCountry "BLR"]
[BlackFideId "13506501"]
[BlackEloChange "4"]

1. e4 {[%clk 1:30:56]} e5 {[%clk 1:30:57]} 2. Nf3 {[%clk 1:31:14]} Nc6 {[%clk
1:31:19]} 3. Nc3 {[%clk 1:31:30]} Nf6 {[%clk 1:31:39]} 4. g3 {[%clk 1:31:54]} Bc5
{[%clk 1:31:39]} 5. Bg2 {[%clk 1:32:14]} d6 {[%clk 1:31:15]} 6. d3 {[%clk
1:32:34]} Nd4 {[%clk 1:31:05]} 7. h3 {[%clk 1:21:54]} c6 {[%clk 1:30:50]} 8. O-O
{[%clk 1:17:30]} O-O {[%clk 1:30:40]} 9. Na4 {[%clk 1:03:00]} Nxf3+ {[%clk
1:29:40]} 10. Qxf3 {[%clk 1:03:25]} Bb4 {[%clk 1:29:55]} 11. c4 {[%clk 0:58:36]}
Be6 {[%clk 1:17:27]} 12. a3 {[%clk 0:41:54]} Ba5 {[%clk 1:15:22]} 13. b4 {[%clk
0:39:30]} Bc7 {[%clk 1:15:33]} 14. Nc3 {[%clk 0:38:51]} Nd7 {[%clk 1:04:37]} 15.
Nd5 {[%clk 0:25:23]} cxd5 {[%clk 0:45:14]} 16. cxd5 {[%clk 0:25:46]} Bxd5 {[%clk
0:41:35]} 17. exd5 {[%clk 0:26:15]} f5 {[%clk 0:38:22]} 18. h4 {[%clk 0:05:06]}
Qf6 {[%clk 0:31:19]} 19. Bg5 {[%clk 0:04:37]} Qf7 {[%clk 0:30:52]} 20. Rac1
{[%clk 0:03:24]} Bb6 {[%clk 0:30:17]} 21. Bh3 {[%clk 0:02:57]} g6 {[%clk
0:23:57]} 22. Rc2 {[%clk 0:03:16]} Nf6 {[%clk 0:21:10]} 23. Bxf6 {[%clk 0:01:13]}
Qxf6 {[%clk 0:21:36]} 24. Rfc1 {[%clk 0:01:40]} Rae8 {[%clk 0:16:09]} 25. Rc4
{[%clk 0:01:46]} e4 {[%clk 0:07:45]} 26. dxe4 {[%clk 0:02:04]} fxe4 {[%clk
0:08:09]} 27. Qxf6 {[%clk 0:02:02]} Rxf6 {[%clk 0:08:34]} 28. Rc8 {[%clk
0:00:59]} Rxf2 {[%clk 0:01:49]} 29. Rxe8+ {[%clk 0:00:47]} Rf8+ {[%clk 0:02:17]}
30. Kg2 {[%clk 0:01:13]} Rxe8 {[%clk 0:02:45]} 31. Rc8 {[%clk 0:01:16]} Rxc8
{[%clk 0:00:43]} 32. Bxc8 {[%clk 0:01:44]} Kg7 {[%clk 0:01:03]} 33. Bxb7 {[%clk
0:01:32]} Kf6 {[%clk 0:01:13]} 34. Kf1 {[%clk 0:00:44]} Ke5 {[%clk 0:00:57]} 35.
a4 {[%clk 0:00:37]} Bd4 {[%clk 0:00:49]} 36. Ke2 {[%clk 0:00:47]} Bc3 {[%clk
0:00:43]} 37. b5 {[%clk 0:01:14]} Ba5 {[%clk 0:01:06]} 38. Bc6 {[%clk 0:01:13]}
h6 {[%clk 0:00:48]} 39. g4 {[%clk 0:01:07]} g5 {[%clk 0:00:58]} 40. hxg5 {[%clk
0:31:16]} 1/2-1/2

[Event "European Women's Championship"]
[Site "Vysoke Tatry"]
[Date "2018.04.09"]
[Round "2"]
[White "Fuchs, Judith"]
[Black "Okuyaz, Duru"]
[Result "1-0"]
[Board "59"]
[WhiteElo "2286"]
[WhiteTitle "WGM"]
[WhiteCountry "GER"]
[WhiteFideId "24605611"]
[WhiteEloChange "6"]
[BlackElo "2122"]
[BlackTitle "WFM"]
[BlackCountry "TUR"]
[BlackFideId "6346022"]
[BlackEloChange "-6"]

1. d4 {[%clk 1:30:56]} d5 {[%clk 1:30:53]} 2. c4 {[%clk 1:31:21]} c6 {[%clk
1:31:19]} 3. cxd5 {[%clk 1:31:46]} cxd5 {[%clk 1:31:45]} 4. Bg5 {[%clk 1:32:09]}
h6 {[%clk 1:31:25]} 5. Bh4 {[%clk 1:32:31]} Qb6 {[%clk 1:31:14]} 6. Nc3 {[%clk
1:31:16]} Qxb2 {[%clk 1:22:29]} 7. Nxd5 {[%clk 1:30:23]} e6 {[%clk 1:19:31]} 8.
Rb1 {[%clk 1:29:38]} Qa3 {[%clk 1:19:31]} 9. Qc2 {[%clk 1:28:09]} Na6 {[%clk
1:07:30]} 10. e4 {[%clk 1:05:45]} Qa5+ {[%clk 0:58:56]} 11. Qc3 {[%clk 0:59:33]}
Qxc3+ {[%clk 0:51:03]} 12. Nxc3 {[%clk 0:59:57]} Bb4 {[%clk 0:37:42]} 13. Kd2
{[%clk 0:54:09]} Bxc3+ {[%clk 0:34:01]} 14. Kxc3 {[%clk 0:54:33]} Nb8 {[%clk
0:31:18]} 15. Nf3 {[%clk 0:49:12]} a6 {[%clk 0:26:52]} 16. Ne5 {[%clk 0:35:03]}
b5 {[%clk 0:20:33]} 17. a4 {[%clk 0:29:49]} g5 {[%clk 0:20:55]} 18. Bg3 {[%clk
0:29:58]} f6 {[%clk 0:19:56]} 19. Nd3 {[%clk 0:27:19]} Nc6 {[%clk 0:16:32]} 20.
axb5 {[%clk 0:26:14]} axb5 {[%clk 0:16:34]} 21. Nb4 {[%clk 0:20:10]} Na7 {[%clk
0:13:51]} 22. Nc2 {[%clk 0:16:00]} Bd7 {[%clk 0:12:59]} 23. Na3 {[%clk 0:15:15]}
b4+ {[%clk 0:08:17]} 24. Rxb4 {[%clk 0:14:09]} Nc6 {[%clk 0:07:54]} 25. Nb5
{[%clk 0:11:48]} Ra1 {[%clk 0:06:41]} 26. Nd6+ {[%clk 0:09:07]} Ke7 {[%clk
0:06:21]} 27. Rb7 {[%clk 0:08:16]} Ra3+ {[%clk 0:04:06]} 28. Kb2 {[%clk 0:07:51]}
Ra4 {[%clk 0:02:52]} 29. Bb5 {[%clk 0:06:07]} Rb4+ {[%clk 0:03:08]} 30. Kc3
{[%clk 0:05:32]} Rb3+ {[%clk 0:01:30]} 31. Kxb3 {[%clk 0:04:57]} Na5+ {[%clk
0:01:44]} 32. Kb4 {[%clk 0:05:13]} Nxb7 {[%clk 0:02:01]} 33. Nxb7 {[%clk
0:05:27]} Bxb5 {[%clk 0:02:07]} 34. Kxb5 {[%clk 0:05:53]} 1-0

[Event "European Women's Championship"]
[Site "Vysoke Tatry"]
[Date "2018.04.09"]
[Round "2"]
[White "Mamedjarova, Turkan"]
[Black "Sucikova, Svetlana"]
[Result "1-0"]
[Board "60"]
[WhiteElo "2274"]
[WhiteTitle "WGM"]
[WhiteCountry "AZE"]
[WhiteFideId "13402005"]
[WhiteEloChange "6"]
[BlackElo "2107"]
[BlackTitle "WFM"]
[BlackCountry "SVK"]
[BlackFideId "14923653"]
[BlackEloChange "-6"]

1. d4 {[%clk 1:30:57]} d5 {[%clk 1:30:32]} 2. c4 {[%clk 1:31:19]} dxc4 {[%clk
1:30:26]} 3. e3 {[%clk 1:30:35]} Nf6 {[%clk 1:30:24]} 4. Bxc4 {[%clk 1:30:55]} e6
{[%clk 1:30:31]} 5. Nf3 {[%clk 1:29:52]} c5 {[%clk 1:30:15]} 6. O-O {[%clk
1:29:58]} a6 {[%clk 1:30:19]} 7. a4 {[%clk 1:28:49]} Nc6 {[%clk 1:30:04]} 8. Nc3
{[%clk 1:27:17]} cxd4 {[%clk 1:27:38]} 9. exd4 {[%clk 1:27:29]} Be7 {[%clk
1:27:58]} 10. Bf4 {[%clk 1:24:24]} Nb4 {[%clk 1:20:22]} 11. Rc1 {[%clk 1:19:28]}
O-O {[%clk 1:20:25]} 12. Re1 {[%clk 1:19:21]} Qa5 {[%clk 1:12:31]} 13. Qd2 {[%clk
1:13:38]} Rd8 {[%clk 1:11:00]} 14. Bb3 {[%clk 1:06:22]} Qb6 {[%clk 1:03:23]} 15.
a5 {[%clk 1:00:47]} Qxa5 {[%clk 0:55:35]} 16. d5 {[%clk 1:00:23]} Bc5 {[%clk
0:34:16]} 17. Na4 {[%clk 0:48:12]} Bd6 {[%clk 0:32:08]} 18. Bg5 {[%clk 0:28:52]}
b5 {[%clk 0:23:17]} 19. Bxf6 {[%clk 0:27:43]} gxf6 {[%clk 0:23:40]} 20. Nc3
{[%clk 0:25:27]} Nxd5 {[%clk 0:10:41]} 21. Bxd5 {[%clk 0:21:16]} exd5 {[%clk
0:11:05]} 22. Qd4 {[%clk 0:19:35]} Qb4 {[%clk 0:06:55]} 23. Qxf6 {[%clk 0:18:46]}
Be6 {[%clk 0:06:41]} 24. Nd4 {[%clk 0:10:28]} Be7 {[%clk 0:07:04]} 25. Qf4 {[%clk
0:10:21]} Qd6 {[%clk 0:06:43]} 26. Nxe6 {[%clk 0:09:48]} fxe6 {[%clk 0:06:49]}
27. Qg4+ {[%clk 0:09:59]} Kf7 {[%clk 0:06:27]} 28. Qh5+ {[%clk 0:10:09]} Kg7
{[%clk 0:06:33]} 29. Re3 {[%clk 0:08:39]} Qf4 {[%clk 0:06:29]} 30. Ne2 {[%clk
0:05:24]} Qh4 {[%clk 0:06:00]} 31. Qe5+ {[%clk 0:02:42]} Qf6 {[%clk 0:06:25]} 32.
Qg3+ {[%clk 0:03:00]} Kh8 {[%clk 0:06:38]} 33. Qh3 {[%clk 0:02:05]} Rf8 {[%clk
0:06:05]} 34. Rf1 {[%clk 0:02:05]} e5 {[%clk 0:06:25]} 35. Rg3 {[%clk 0:01:16]}
e4 {[%clk 0:06:21]} 36. Rg4 {[%clk 0:01:32]} Bc5 {[%clk 0:06:40]} 37. Rf4 {[%clk
0:01:48]} Qxb2 {[%clk 0:06:53]} 38. Qh5 {[%clk 0:01:52]} Rad8 {[%clk 0:04:30]}
39. g3 {[%clk 0:01:26]} Qg7 {[%clk 0:04:14]} 40. Rxf8+ {[%clk 0:30:48]} Bxf8
{[%clk 0:34:08]} 41. Nf4 {[%clk 0:31:02]} Qh6 {[%clk 0:30:26]} 42. Qf5 {[%clk
0:29:04]} Bg7 {[%clk 0:25:27]} 43. Ne6 {[%clk 0:24:30]} Re8 {[%clk 0:18:33]} 44.
Ng5 {[%clk 0:23:29]} Qg6 {[%clk 0:16:16]} 45. Qxd5 {[%clk 0:23:51]} h6 {[%clk
0:14:41]} 46. Nh3 {[%clk 0:18:59]} Qe6 {[%clk 0:14:49]} 47. Qh5 {[%clk 0:19:27]}
Qe5 {[%clk 0:14:53]} 48. Qg4 {[%clk 0:16:29]} b4 {[%clk 0:10:27]} 49. Nf4 {[%clk
0:15:38]} Kg8 {[%clk 0:10:52]} 50. Qe2 {[%clk 0:13:36]} a5 {[%clk 0:08:25]} 51.
Rd1 {[%clk 0:08:15]} Qc5 {[%clk 0:05:13]} 52. Qa2+ {[%clk 0:07:46]} Kh7 {[%clk
0:05:27]} 53. Qf7 {[%clk 0:07:49]} Qe7 {[%clk 0:04:24]} 54. Qf5+ {[%clk 0:07:47]}
Kg8 {[%clk 0:04:48]} 55. Rd7 {[%clk 0:07:35]} Qf6 {[%clk 0:03:54]} 56. Qd5+
{[%clk 0:07:54]} Kh8 {[%clk 0:04:04]} 57. Kg2 {[%clk 0:05:28]} a4 {[%clk
0:03:21]} 58. Rf7 {[%clk 0:05:11]} Qg5 {[%clk 0:02:54]} 59. Qc6 {[%clk 0:04:29]}
Rb8 {[%clk 0:00:59]} 60. Ne6 {[%clk 0:01:48]} Qe5 {[%clk 0:01:29]} 61. Nxg7
{[%clk 0:01:51]} Kg8 {[%clk 0:01:43]} 62. Qg6 {[%clk 0:01:44]} Qg5 {[%clk
0:01:46]} 63. Qe6 {[%clk 0:02:12]} Kh8 {[%clk 0:01:56]} 64. Nf5 {[%clk 0:02:27]}
Rb5 {[%clk 0:01:27]} 65. Qe8+ {[%clk 0:02:42]} Qg8 {[%clk 0:01:53]} 66. Rf8
{[%clk 0:03:07]} 1-0

[Event "European Women's Championship"]
[Site "Vysoke Tatry"]
[Date "2018.04.09"]
[Round "2"]
[White "Manakova, Maria"]
[Black "Hapala, Elisabeth"]
[Result "1/2-1/2"]
[Board "61"]
[WhiteElo "2268"]
[WhiteTitle "WGM"]
[WhiteCountry "SRB"]
[WhiteFideId "927007"]
[WhiteEloChange "-5"]
[BlackElo "2091"]
[BlackTitle "WFM"]
[BlackCountry "AUT"]
[BlackFideId "1622080"]
[BlackEloChange "5"]

1. c4 {[%clk 1:30:54]} c6 {[%clk 1:30:54]} 2. e4 {[%clk 1:31:12]} d5 {[%clk
1:31:20]} 3. exd5 {[%clk 1:31:36]} cxd5 {[%clk 1:31:45]} 4. d4 {[%clk 1:31:57]}
Nf6 {[%clk 1:32:10]} 5. Nc3 {[%clk 1:32:16]} Nc6 {[%clk 1:32:35]} 6. Nf3 {[%clk
1:32:39]} Bg4 {[%clk 1:32:49]} 7. cxd5 {[%clk 1:33:00]} Nxd5 {[%clk 1:33:14]} 8.
Qb3 {[%clk 1:33:09]} Bxf3 {[%clk 1:33:30]} 9. gxf3 {[%clk 1:33:33]} e6 {[%clk
1:33:47]} 10. Qxb7 {[%clk 1:33:50]} Nxd4 {[%clk 1:34:02]} 11. Bb5+ {[%clk
1:34:04]} Nxb5 {[%clk 1:34:26]} 12. Qc6+ {[%clk 1:34:19]} Ke7 {[%clk 1:34:51]}
13. Qxb5 {[%clk 1:34:35]} Rc8 {[%clk 1:34:45]} 14. O-O {[%clk 1:30:21]} Nxc3
{[%clk 1:34:29]} 15. bxc3 {[%clk 1:30:41]} Qd5 {[%clk 1:34:36]} 16. Qxd5 {[%clk
1:16:27]} exd5 {[%clk 1:35:00]} 17. Rb1 {[%clk 1:15:15]} Ke6 {[%clk 1:34:34]} 18.
Re1+ {[%clk 1:15:06]} Kf6 {[%clk 1:34:48]} 19. Rb5 {[%clk 0:40:49]} Bc5 {[%clk
1:28:14]} 20. Bb2 {[%clk 0:38:57]} Rhd8 {[%clk 1:15:31]} 21. c4+ {[%clk 0:38:34]}
d4 {[%clk 1:15:57]} 22. Re4 {[%clk 0:38:09]} Bb6 {[%clk 1:02:39]} 23. Ba3 {[%clk
0:35:13]} Rd7 {[%clk 0:56:25]} 24. c5 {[%clk 0:33:33]} Rd5 {[%clk 0:52:07]} 25.
Rxd4 {[%clk 0:27:29]} Rf5 {[%clk 0:19:26]} 26. Rc4 {[%clk 0:09:14]} Bc7 {[%clk
0:16:13]} 27. Kg2 {[%clk 0:06:56]} Rh5 {[%clk 0:13:21]} 28. f4 {[%clk 0:06:07]}
Rd5 {[%clk 0:11:16]} 29. Rb7 {[%clk 0:05:23]} a5 {[%clk 0:04:05]} 30. Bc1 {[%clk
0:04:05]} Kf5 {[%clk 0:03:28]} 31. Ra7 {[%clk 0:03:40]} f6 {[%clk 0:02:10]} 32.
Be3 {[%clk 0:02:44]} h6 {[%clk 0:01:19]} 33. h3 {[%clk 0:03:04]} g5 {[%clk
0:00:44]} 34. fxg5 {[%clk 0:03:26]} hxg5 {[%clk 0:01:11]} 35. Kf3 {[%clk
0:03:24]} Rd3 {[%clk 0:00:59]} 36. a4 {[%clk 0:02:28]} Ra3 {[%clk 0:00:55]} 37.
h4 {[%clk 0:01:18]} Bb6 {[%clk 0:00:31]} 38. Ra6 {[%clk 0:01:19]} Bc7 {[%clk
0:00:33]} 39. Rc6 {[%clk 0:01:25]} Rb3 {[%clk 0:00:31]} 40. h5 {[%clk 0:31:05]}
Rbb8 {[%clk 0:30:38]} 41. Bd4 {[%clk 0:21:40]} Be5 {[%clk 0:14:41]} 42. Rxc8
{[%clk 0:21:02]} Rxc8 {[%clk 0:14:59]} 43. Bxe5 {[%clk 0:19:58]} Kxe5 {[%clk
0:15:24]} 44. Kg4 {[%clk 0:19:40]} f5+ {[%clk 0:03:22]} 45. Kxg5 {[%clk 0:19:32]}
Rg8+ {[%clk 0:03:48]} 46. Kh6 {[%clk 0:13:01]} Kf6 {[%clk 0:03:44]} 47. Kh7
{[%clk 0:13:24]} Rg7+ {[%clk 0:04:09]} 48. Kh8 {[%clk 0:11:24]} Rc7 {[%clk
0:03:41]} 49. Rd4 {[%clk 0:10:51]} Kg5 {[%clk 0:01:05]} 50. Rd5 {[%clk 0:04:03]}
Kxh5 {[%clk 0:01:22]} 51. Kg8 {[%clk 0:04:01]} Kg5 {[%clk 0:01:21]} 52. Kf8
{[%clk 0:01:12]} Kf4 {[%clk 0:01:47]} 53. f3 {[%clk 0:01:06]} Kxf3 {[%clk
0:01:52]} 54. Rxf5+ {[%clk 0:01:04]} Ke4 {[%clk 0:02:21]} 55. Rh5 {[%clk
0:01:06]} Kd4 {[%clk 0:02:45]} 56. c6 {[%clk 0:01:18]} Rxc6 {[%clk 0:03:10]} 57.
Rxa5 {[%clk 0:01:44]} Rc1 {[%clk 0:02:13]} 58. Ra8 {[%clk 0:01:26]} Ra1 {[%clk
0:02:31]} 59. Ke7 {[%clk 0:01:20]} Kc5 {[%clk 0:02:31]} 60. Kd7 {[%clk 0:01:29]}
Ra3 {[%clk 0:02:17]} 61. Kc7 {[%clk 0:01:14]} Kb4 {[%clk 0:02:31]} 62. a5 {[%clk
0:01:28]} Rxa5 {[%clk 0:02:57]} 63. Rxa5 {[%clk 0:01:55]} Kxa5 {[%clk 0:02:57]}
1/2-1/2

[Event "European Women's Championship"]
[Site "Vysoke Tatry"]
[Date "2018.04.09"]
[Round "2"]
[White "Caglar, Sila"]
[Black "Kantane, Anna"]
[Result "1/2-1/2"]
[Board "62"]
[WhiteElo "2077"]
[WhiteTitle "WFM"]
[WhiteCountry "TUR"]
[WhiteFideId "6364063"]
[WhiteEloChange "5"]
[BlackElo "2266"]
[BlackTitle "WIM"]
[BlackCountry "POL"]
[BlackFideId "1135988"]
[BlackEloChange "-5"]

1. e4 {[%clk 1:30:58]} e5 {[%clk 1:30:53]} 2. Nf3 {[%clk 1:31:05]} Nc6 {[%clk
1:31:15]} 3. Bc4 {[%clk 1:31:23]} Nf6 {[%clk 1:31:36]} 4. d3 {[%clk 1:31:43]} Bc5
{[%clk 1:31:56]} 5. O-O {[%clk 1:31:46]} d6 {[%clk 1:32:17]} 6. c3 {[%clk
1:31:55]} a6 {[%clk 1:32:13]} 7. a4 {[%clk 1:23:29]} Ba7 {[%clk 1:24:26]} 8. h3
{[%clk 1:22:05]} h6 {[%clk 1:23:47]} 9. Re1 {[%clk 1:17:28]} O-O {[%clk 1:13:04]}
10. Nbd2 {[%clk 1:16:25]} Ne7 {[%clk 1:03:10]} 11. Nf1 {[%clk 1:07:26]} Ng6
{[%clk 0:56:34]} 12. Ng3 {[%clk 0:56:45]} Be6 {[%clk 0:41:12]} 13. Bb3 {[%clk
0:47:03]} Qd7 {[%clk 0:29:54]} 14. d4 {[%clk 0:40:48]} exd4 {[%clk 0:15:29]} 15.
Nxd4 {[%clk 0:32:35]} Bxb3 {[%clk 0:15:47]} 16. Qxb3 {[%clk 0:30:37]} Rfe8 {[%clk
0:15:38]} 17. Bd2 {[%clk 0:26:54]} Ne5 {[%clk 0:10:20]} 18. Qc2 {[%clk 0:09:57]}
c5 {[%clk 0:09:53]} 19. Ndf5 {[%clk 0:05:22]} c4 {[%clk 0:09:21]} 20. Be3 {[%clk
0:05:10]} Nd3 {[%clk 0:08:26]} 21. Re2 {[%clk 0:04:31]} Nxe4 {[%clk 0:04:08]} 22.
Bxa7 {[%clk 0:04:00]} Nxg3 {[%clk 0:03:36]} 23. Rxe8+ {[%clk 0:03:05]} Qxe8
{[%clk 0:04:01]} 24. fxg3 {[%clk 0:00:54]} Qe5 {[%clk 0:01:33]} 25. Nxh6+ {[%clk
0:00:38]} gxh6 {[%clk 0:02:02]} 26. Bd4 {[%clk 0:00:33]} Qxg3 {[%clk 0:01:48]}
27. Rf1 {[%clk 0:00:35]} Re8 {[%clk 0:01:47]} 28. Qd2 {[%clk 0:00:32]} Re6 {[%clk
0:00:48]} 29. a5 {[%clk 0:00:32]} Re1 {[%clk 0:00:38]} 30. Rxe1 {[%clk 0:00:32]}
Qxe1+ {[%clk 0:01:01]} 31. Qxe1 {[%clk 0:01:00]} Nxe1 {[%clk 0:01:26]} 32. Kf2
{[%clk 0:00:53]} Nd3+ {[%clk 0:01:54]} 33. Ke3 {[%clk 0:01:20]} Nxb2 {[%clk
0:02:11]} 34. Bf6 {[%clk 0:00:32]} Kh7 {[%clk 0:00:40]} 35. Kd4 {[%clk 0:00:34]}
Kg6 {[%clk 0:01:07]} 36. Be7 {[%clk 0:00:57]} Kf5 {[%clk 0:00:37]} 37. Bxd6
{[%clk 0:01:19]} Ke6 {[%clk 0:00:37]} 38. Bf4 {[%clk 0:00:54]} h5 {[%clk
0:00:57]} 39. Bc1 {[%clk 0:00:55]} Nd3 {[%clk 0:01:04]} 40. Bd2 {[%clk 0:31:06]}
Ne5 {[%clk 0:30:45]} 41. Kc5 {[%clk 0:30:06]} Kf5 {[%clk 0:18:30]} 42. Kb6 {[%clk
0:25:37]} Nc6 {[%clk 0:18:45]} 43. Kxb7 {[%clk 0:25:03]} Nxa5+ {[%clk 0:19:07]}
44. Kxa6 {[%clk 0:25:29]} Nb3 {[%clk 0:19:29]} 45. Bh6 {[%clk 0:25:22]} Ke4
{[%clk 0:18:34]} 46. Kb5 {[%clk 0:25:35]} Kd3 {[%clk 0:18:47]} 47. Kb4 {[%clk
0:23:17]} f5 {[%clk 0:15:14]} 48. g3 {[%clk 0:17:08]} Na1 {[%clk 0:14:46]} 49.
Kc5 {[%clk 0:16:15]} Nc2 {[%clk 0:14:08]} 50. Bg7 {[%clk 0:16:35]} Ne3 {[%clk
0:12:22]} 51. h4 {[%clk 0:13:50]} Nd1 {[%clk 0:10:15]} 52. Kb4 {[%clk 0:13:44]}
Nf2 {[%clk 0:08:26]} 53. Bd4 {[%clk 0:11:57]} Ne4 {[%clk 0:04:34]} 54. Be5 {[%clk
0:12:19]} Nd2 {[%clk 0:02:59]} 55. Bd4 {[%clk 0:11:38]} Nf1 {[%clk 0:01:41]} 56.
Be5 {[%clk 0:11:59]} Nd2 {[%clk 0:01:37]} 57. Bf4 {[%clk 0:11:25]} Ne4 {[%clk
0:01:42]} 58. Be5 {[%clk 0:11:47]} Nd2 {[%clk 0:01:42]} 1/2-1/2